00608 2200205 4500001002100000005001700021008004100038020002200079035002400101040001200125090002100137100002400158245010000182250001000282260004300292300002200335650001100357850001200368990002200380YOGYA-0212000000019420120213232037.0 ind  a978-979-1317-71-9 0010-021200000000194 aYOPDYOG aDEP 808.51 Ira M aIrawan Supriyatmoko aMastering Public Speaking :bTeknis Praktis mahir berbicara didepan umum /cIrawan Supriyatmoko aCet.1 aYogyakartabUniversitas Atmajayac2010 aV, 122 hlmc19 cm aPidato aYOPDYOG aCB-D.11-2011-2185